বয়নশিল্প : (Record no. 79261)
[ view plain ]
| 000 -LEADER | |
|---|---|
| fixed length control field | 01421nam a22002537a 4500 |
| 001 - CONTROL NUMBER | |
| RUCL Control Number | 79261 |
| 003 - CONTROL NUMBER IDENTIFIER | |
| rucl marc code | BD-RjUL |
| 005 - DATE AND TIME OF LATEST TRANSACTION | |
| control field | 20251126130204.0 |
| 008 - FIXED-LENGTH DATA ELEMENTS--GENERAL INFORMATION | |
| fixed length control field | 220127b2014ben |||a|||| m||| 00| 0 ben d |
| 035 ## - SYSTEM CONTROL NUMBER | |
| system control number | (BD-RjUL) 79261 |
| 040 ## - CATALOGING SOURCE | |
| Original cataloging agency | BD-RjUL |
| Language of cataloging | ben / eng |
| Transcribing agency | BD-RjUL |
| Modifying agency | BD-RjUL |
| 041 ## - LANGUAGE CODE | |
| Language code of Book | ben |
| 082 ## - DEWEY DECIMAL CLASSIFICATION NUMBER | |
| Classification number | 338.47677 |
| Author mark and Year | DEB 2014 |
| DDC Edition number | 23 |
| 100 ## - MAIN ENTRY--PERSONAL NAME | |
| Personal name | দেব, পিন্টু চন্দ্র |
| 9 (RLIN) | 925 |
| 245 10 - TITLE STATEMENT | |
| Title | বয়নশিল্প : |
| Remainder of title | প্রেক্ষিত বাংলাদেশ / |
| Statement of responsibility, etc | পিন্টু চন্দ্র দেব |
| Name of Supervisor/Co-Supervisor | তত্ত্বাবধায়ক ; আবদুল, মতিন তালুকদার |
| 260 ## - PUBLICATION, DISTRIBUTION, ETC. (IMPRINT) | |
| Place of publication, distribution, etc | রাজশাহী : |
| Name of publisher, distributor, etc | চারুকলা বিভাগ, রাজশাহী বিশ্ববিদ্যালয়, |
| Date of publication, distribution, etc | ২০১৪ |
| 300 ## - PHYSICAL DESCRIPTION | |
| Pagination | xxiii, ৫০৫ পাতা : |
| Other physical details | চিএ ; |
| Dimensions | ৩০ সেমি. |
| 502 ## - DISSERTATION NOTE | |
| Dissertation note | থিসিস (পিএইচ. ডি.) -- চারুকলা বিভাগ, রাজশাহী বিশ্ববিদ্যালয়, ২০১৪ |
| 504 ## - BIBLIOGRAPHY, ETC. NOTE | |
| Bibliography, etc | গ্রন্থপঞ্জি পাতা : [৪৮৭] - ৫০৫ |
| 650 ## - SUBJECT ADDED ENTRY--TOPICAL TERM | |
| Topical term or geographic name as entry element | বয়নশিল্প |
| Geographic subdivision | বাংলাদেশ |
| 9 (RLIN) | 926 |
| Topical term or geographic name as entry element | Handloom industry |
| Geographic subdivision | Bangladesh |
| 9 (RLIN) | 927 |
| 700 ## - ADDED ENTRY--SUPERVISOR/CO-SUPERVISOR NAME | |
| Personal name | তালুকদার, আবদুল মতিন, তত্ত্বাবধায়ক |
| 9 (RLIN) | 928 |
| 942 ## - ADDED ENTRY ELEMENTS (KOHA) | |
| Source of classification or shelving scheme | Dewey Decimal Classification |
| Koha item type | Theses |
| Source of classification or shelving scheme | Damaged status | Not for loan | Collection code | Permanent Location | Current Location | Shelving location | Date of accession | Source of acquisition | Full call number | Barcode | Date last seen | Copy number | Thesis |
|---|---|---|---|---|---|---|---|---|---|---|---|---|---|
| Dewey Decimal Classification | Not For Loan | Theses | Central Library, University of Rajshahi | Central Library, University of Rajshahi | Documentation Section | 21/12/2014 | Controller of Exam. , R.U. | BTHE 338.47677 DEB 2014 | D3748 | 27/01/2022 | C-1 | Theses |